000 00567nam a2200193 i 4500
001 bg
100 1 _aEVAN-IWANOWSKI, R. M.
245 1 0 _aResonance oscillations in mechanical systems /
_cby R. M. Evan-Iwanowski.
260 _aAmsterdam [etc.] :
_bElsevier,
_c1976.
300 _aXI, [3], 292 s. :
_brys., wykr. ;
_c24 cm.
504 _aBibliogr. s. 282-287. - Indeks.
650 9 _aDrgania
_xmechanika
650 9 _aKonstrukcje
_xmechanika
040 _cBPK
041 0 _apl
080 _a621.01:534
942 _cKS
008 s pl f |000 0 pol
999 _c35874
_d35874
856 _uhttp://koha.tu.koszalin.pl/cgi-bin/koha/opac-detail.pl?biblionumber=35874
_yKatalog online BPK